000 00931nam a2200217 a 4500
008 100928s1995 ||||||||||||||||| || u
020 _a9064431701
050 _aCOMM(02)
100 _aKing, Kenneth
245 1 0 _aLearning from experience: policy and practice in aid to higher education
_cedited by Lene Buchert and Kenneth King
260 _aThe Hague:
_bCentre for the Study of Education in Developing Countries(CESO)
_c1995
300 _a261p.: ill.
350 _a0.00
490 _aCESO Paperback no.24
650 0 _aEDUCATIONAL TESTS AND MEASUREMENTS
650 _aEDUCATION, HIGHER--ADMINISTRATION
650 _aTHIRD WORLD--DEVELOPMENT AID
700 _aBuchert, Lene
710 _aCentre for the Study of Education in Developing Countries(CESO)
995 _D0.00
_FCBU-MAIN LIBRARY (Kitwe)
_H1
_I0.00
_M1
_UAVAILABLE
_WSep 28, 2010
_ZInternational Publications
999 _c49018
_d49018